ভাওয়াইয়া / (Record no. 62654)
[ view plain ]
| 000 -LEADER | |
|---|---|
| fixed length control field | 01026nam a2200241 a 4500 |
| 001 - CONTROL NUMBER | |
| control field | 62654 |
| 003 - CONTROL NUMBER IDENTIFIER | |
| rucl marc code | BD-RjUL |
| 005 - DATE AND TIME OF LATEST TRANSACTION | |
| control field | 20211209081117.0 |
| 008 - FIXED-LENGTH DATA ELEMENTS--GENERAL INFORMATION | |
| fixed length control field | 170125s1999 ii a|||| |||| 00| 0 ben d |
| 020 ## - INTERNATIONAL STANDARD BOOK NUMBER | |
| International Standard Book Number | 8187360097 |
| Terms of availability | : Tk. 125.00 |
| 035 ## - SYSTEM CONTROL NUMBER | |
| System control number | (BD-RjUL)62780 |
| 040 ## - CATALOGING SOURCE | |
| Original cataloging agency | BD-RjUL |
| Language of cataloging | ben |
| Transcribing agency | BD-RjUL |
| 041 ## - LANGUAGE CODE | |
| Language code of text/sound track or separate title | ben |
| 082 ## - DEWEY DECIMAL CLASSIFICATION NUMBER | |
| Edition number | 23 |
| Classification number | 782.42162095414 |
| Author mark and year | BAB 1999 |
| 100 ## - MAIN ENTRY--PERSONAL NAME | |
| Personal name | বর্মা, সুখবিলাস |
| 9 (RLIN) | 178152 |
| 245 10 - TITLE STATEMENT | |
| Title | ভাওয়াইয়া / |
| Statement of responsibility, etc. | সুখবিলাস বর্মা |
| 260 ## - PUBLICATION, DISTRIBUTION, ETC. (IMPRINT) | |
| Place of publication, distribution, etc. | কলকাতা : |
| Name of publisher, distributor, etc. | লোকসংস্কৃতি ও আদিবাসী সংস্কৃতি কেন্দ্র / |
| Date of publication, distribution, etc. | ১৯৯৯ |
| 300 ## - PHYSICAL DESCRIPTION | |
| Pagination | ৩৫২ পৃ. : |
| Illustrations | চিত্র ; |
| Accompanying material | ২৩ সেমি. |
| 504 ## - BIBLIOGRAPHY, ETC. NOTE | |
| Bibliography, etc | গ্রন্থপঞ্জি সংযুক্ত |
| 650 ## - SUBJECT ADDED ENTRY--TOPICAL TERM | |
| Topical term or geographic name as entry element | লোকগান |
| Geographic subdivision | বেঙ্গল |
| General subdivision | ইতিহাস ও সমালোচনা |
| 9 (RLIN) | 186285 |
| Topical term or geographic name as entry element | Folk Song |
| Geographic subdivision | Bengal |
| General subdivision | History and Critiism |
| 9 (RLIN) | 186286 |
| 942 ## - ADDED ENTRY ELEMENTS (KOHA) | |
| Source of classification or shelving scheme | Dewey Decimal Classification |
| Koha item type | Books |
| Lost status | Source of classification or shelving scheme | Damaged status | Not for loan | Collection code | Permanent Location | Current Location | Shelving location | Date acquired | Total Checkouts | Full call number | Date last seen | Copy number | Koha item type |
|---|---|---|---|---|---|---|---|---|---|---|---|---|---|
| Dewey Decimal Classification | Not For Loan | Non-fiction | Central Library, University of Rajshahi | Central Library, University of Rajshahi | Reading Room | 23/07/2005 | B 782.42162095414 BAB 1999 | 25/01/2017 | C-1 | Books |